<?xml version="1.0" encoding="UTF-8"?>
<record
    xmlns:xsi="http://www.w3.org/2001/XMLSchema-instance"
    xsi:schemaLocation="http://www.loc.gov/MARC21/slim http://www.loc.gov/standards/marcxml/schema/MARC21slim.xsd"
    xmlns="http://www.loc.gov/MARC21/slim">

  <leader>03059nam a2200301 a 4500</leader>
  <controlfield tag="003">OSt</controlfield>
  <controlfield tag="005">20251112142154.0</controlfield>
  <controlfield tag="007">cr ||||||a|c|a</controlfield>
  <controlfield tag="008">230504s2019    mx a|||fom||| 001 0 spa d</controlfield>
  <datafield tag="040" ind1=" " ind2=" ">
    <subfield code="e">rda</subfield>
  </datafield>
  <datafield tag="100" ind1="1" ind2=" ">
    <subfield code="9">186906</subfield>
    <subfield code="a">Ruiz Jim&#xE9;nez, Roberto</subfield>
  </datafield>
  <datafield tag="245" ind1="1" ind2="0">
    <subfield code="a">Rentabilidad de un proyecto ap&#xED;cola en San Lorenzo El Zapote municipio de Santiago Amoltepec del Estado de Oaxaca /</subfield>
    <subfield code="c">por Roberto Ruiz Jim&#xE9;nez; director de tesis Omar Ortiz Barreto.</subfield>
  </datafield>
  <datafield tag="264" ind1=" " ind2="1">
    <subfield code="a">Chapingo, M&#xE9;xico :</subfield>
    <subfield code="b">El autor,</subfield>
    <subfield code="c">2019.</subfield>
  </datafield>
  <datafield tag="300" ind1=" " ind2=" ">
    <subfield code="a">1 recurso en l&#xED;nea (101 p&#xE1;ginas):</subfield>
    <subfield code="b">figuras, cuadros.</subfield>
  </datafield>
  <datafield tag="336" ind1=" " ind2=" ">
    <subfield code="2">rdacontent</subfield>
    <subfield code="a">texto</subfield>
    <subfield code="b">txt</subfield>
  </datafield>
  <datafield tag="337" ind1=" " ind2=" ">
    <subfield code="2">rdamedia</subfield>
    <subfield code="a">computadora</subfield>
    <subfield code="b">c</subfield>
  </datafield>
  <datafield tag="338" ind1=" " ind2=" ">
    <subfield code="2">rdacarrier</subfield>
    <subfield code="a">recurso en l&#xED;nea</subfield>
    <subfield code="b">cr</subfield>
  </datafield>
  <datafield tag="502" ind1=" " ind2=" ">
    <subfield code="b">LAN</subfield>
    <subfield code="c">DICEA</subfield>
    <subfield code="d">2019.</subfield>
  </datafield>
  <datafield tag="504" ind1=" " ind2=" ">
    <subfield code="a">Incluye referencias bibliogr&#xE1;ficas: p&#xE1;ginas 100-101.</subfield>
  </datafield>
  <datafield tag="520" ind1=" " ind2=" ">
    <subfield code="a">La historia de la apicultura va de la mano con la evoluci&#xF3;n del hombre, desde el cazador n&#xF3;mada al agricultor sedentario. La apicultura es una actividad agropecuaria enfocada a la crianza de abejas, d&#xE1;ndoles los cuidados necesarios para obtener los productos que elaboran para ser comercializados. La presente investigaci&#xF3;n tuvo por objetivo analizar la rentabilidad del proyecto de producci&#xF3;n ap&#xED;cola en San Lorenzo, el Zapote de Santiago, Oaxaca, a trav&#xE9;s de los indicadores cl&#xE1;sicos de rentabilidad de la teor&#xED;a de la formulaci&#xF3;n y evaluaci&#xF3;n de proyectos, a fin de determinar su viabilidad t&#xE9;cnica y financiera. Para lograr los objetivos de la investigaci&#xF3;n, se realiz&#xF3; una revisi&#xF3;n de literatura de fuentes oficiales de informaci&#xF3;n, para la parte del estudio de mercado, se elabor&#xF3; dentro del cuerpo del proyecto, as&#xED; como investigaci&#xF3;n de campo con algunos de los productores, con la finalidad de conocer y sistematizar los principales costos dentro del proceso de producci&#xF3;n de la miel. Se realiz&#xF3; un estudio de mercado para conocer la demanda del producto y los mercados potenciales del mismo. Se llevaron a cabo entrevistas con los productores involucrados con la finalidad de conocer los costos de producci&#xF3;n y las principales actividades en la producci&#xF3;n de miel. Con &#xE9;sta informaci&#xF3;n se elabor&#xF3; una corrida financiera la cual permiti&#xF3; evaluar la rentabilidad del proyecto. Los resultados obtenidos: El proyecto result&#xF3; rentable y viable ya que se generar&#xED;an ingresos estimados de $462,656.25 pesos M.N. Tan s&#xF3;lo en el primer a&#xF1;o el proyecto, se considera rentable por presentar los siguientes indicadores positivos: un VAN de $242,688.97, una Tasa Interna de Retorno de 23.51%, Relaci&#xF3;n Beneficio-Costo de 1.11 y un punto de equilibrio del 67 %.</subfield>
  </datafield>
  <datafield tag="650" ind1=" " ind2="4">
    <subfield code="9">133411</subfield>
    <subfield code="a">Miel de abeja</subfield>
    <subfield code="x">Producci&#xF3;n</subfield>
    <subfield code="x">Aspectos socioecon&#xF3;micos</subfield>
  </datafield>
  <datafield tag="650" ind1=" " ind2="4">
    <subfield code="9">75571</subfield>
    <subfield code="a">Miel de abejas</subfield>
    <subfield code="x">Rendimiento</subfield>
  </datafield>
  <datafield tag="650" ind1=" " ind2="4">
    <subfield code="9">126480</subfield>
    <subfield code="a">Apicultura</subfield>
    <subfield code="x">Aspectos econ&#xF3;micos</subfield>
    <subfield code="z">Oaxaca</subfield>
  </datafield>
  <datafield tag="650" ind1=" " ind2="4">
    <subfield code="9">141312</subfield>
    <subfield code="a">Evaluaci&#xF3;n de proyectos</subfield>
  </datafield>
  <datafield tag="700" ind1="1" ind2=" ">
    <subfield code="a">Ortiz Barreto, Omar</subfield>
    <subfield code="e">director.</subfield>
    <subfield code="9">83939</subfield>
  </datafield>
  <datafield tag="856" ind1=" " ind2=" ">
    <subfield code="u">http://10.13.5.2/tesis/tl/Ruiz_Jimenez_Roberto.pdf</subfield>
    <subfield code="z">DESCARGAR PDF</subfield>
  </datafield>
  <datafield tag="942" ind1=" " ind2=" ">
    <subfield code="2">Clasificaci&#xF3;n Universidad Aut&#xF3;noma Chapingo</subfield>
    <subfield code="c">TD</subfield>
  </datafield>
  <datafield tag="999" ind1=" " ind2=" ">
    <subfield code="c">218685</subfield>
    <subfield code="d">218685</subfield>
  </datafield>
  <datafield tag="952" ind1=" " ind2=" ">
    <subfield code="0">0</subfield>
    <subfield code="1">0</subfield>
    <subfield code="2">local</subfield>
    <subfield code="4">0</subfield>
    <subfield code="5">1</subfield>
    <subfield code="7">0</subfield>
    <subfield code="8">TesDigL</subfield>
    <subfield code="a">BD</subfield>
    <subfield code="b">BD</subfield>
    <subfield code="c">E_L</subfield>
    <subfield code="d">2023-05-04</subfield>
    <subfield code="l">0</subfield>
    <subfield code="o">Tesis digital</subfield>
    <subfield code="r">2023-05-04 00:00:00</subfield>
    <subfield code="w">2023-05-04</subfield>
    <subfield code="y">TD</subfield>
  </datafield>
</record>
